[Event "FRA-chT2 South 0607"]
[Site "France"]
[Date "2007.03.18"]
[Round "9.7"]
[White "Bes, Stephane"]
[Black "Diakonov, Michel"]
[Result "1-0"]
[WhiteElo "2150"]
[BlackElo "2096"]
[PlyCount "95"]
[EventDate "2006.10.15"]
[EventType "team-tourn"]
[EventRounds "11"]
[EventCountry "FRA"]
[SourceTitle "EXT 2008"]
[Source "ChessBase"]
[SourceDate "2007.11.25"]
[SourceVersion "1"]
[SourceVersionDate "2007.11.25"]
[SourceQuality "1"]
[WhiteTeam "Nice"]
[BlackTeam "Palavas les Flots"]
[WhiteTeamCountry "FRA"]
[BlackTeamCountry "FRA"]

1. d4 g6 2. c4 Bg7 3. e4 c5 4. d5 d6 5. Nc3 a6 6. Nf3 Nf6 7. Be2 b5 8. cxb5 0-0 9. 0-0 axb5 10. Bxb5 Ba6 11. Bxa6 Rxa6 12. Qc2 Nbd7 13. h3 Qa8 14. Rb1 Rb8 15. b3 Ne8 16. Bb2 Nc7 17. Nd2 Nb5 18. Nxb5 Rxb5 19. a4 Rb8 20. Bxg7 Kxg7 21. Nc4 Nf8 22. Ne3 Nd7 23. f4 f6 24. Qc3 Rb4 25. Nc4 Nb6 26. Nd2 Qb7 27. Rbe1 Nd7 28. Re3 Rab6 29. Rff3 Kg8 30. Qc2 Rd4 31. Nc4 Ra6 32. h4 Qb4 33. h5 Nb6 34. hxg6 Nxc4 35. gxh7+ Kh8 36. bxc4 Rd2 37. Qc1 Qb2 38. Qxb2 Rxb2 39. Rb3 Rxb3 40. Rxb3 Rxa4 41. Rb7 Rxc4 42. Rxe7 Rd4 43. g4 c4 44. g5 f5 45. exf5 c3 46. g6 Rd1+ 47. Kg2 Rd2+ 48. Kg3 1-0

[Event "FRA-chT2 South 0607"]
[Site "France"]
[Date "2006.11.26"]
[Round "3.7"]
[White "Diakonov, Michel"]
[Black "Dijon, Fabien"]
[Result "1/2-1/2"]
[WhiteElo "2097"]
[BlackElo "2068"]
[PlyCount "100"]
[EventDate "2006.10.15"]
[EventType "team-tourn"]
[EventRounds "11"]
[EventCountry "FRA"]
[SourceTitle "EXT 2008"]
[Source "ChessBase"]
[SourceDate "2007.11.25"]
[SourceVersion "1"]
[SourceVersionDate "2007.11.25"]
[SourceQuality "1"]
[WhiteTeam "Palavas les Flots"]
[BlackTeam "L'Isle sur la Sorgue"]
[WhiteTeamCountry "FRA"]
[BlackTeamCountry "FRA"]

1. d4 Nf6 2. Nf3 g6 3. Nc3 Bg7 4. e4 d6 5. Be3 0-0 6. Qd2 c6 7. Bd3 b5 8. h3 a5 9. e5 dxe5 10. dxe5 Nd5 11. Bh6 Nxc3 12. bxc3 Na6 13. h4 Nc5 14. h5 Nxd3+ 15. cxd3 Bxh6 16. Qxh6 Qxd3 17. Rd1 Qe4+ 18. Kf1 f6 19. hxg6 Qxg6 20. Qe3 Be6 21. Nd4 Bd5 22. f3 Qg5 23. Qxg5+ fxg5 24. Rh5 h6 25. Rxh6 Kg7 26. Rh3 Bxa2 27. Nxc6 Rac8 28. Nxa5 Rxc3 29. Rd7 b4 30. Rxe7+ Rf7 31. Rxf7+ Bxf7 32. Rg3 Kg6 33. Rg4 Rc5 34. Rxb4 Rxa5 35. Re4 Kf5 36. Kf2 Bd5 37. Rb4 Kxe5 38. Kg3 Ra2 39. Rg4 Kf5 40. Rd4 Ke5 41. Rg4 Kf6 42. Rd4 Be6 43. Rb4 Rc2 44. Ra4 Rd2 45. Rb4 Ke5 46. Re4+ Kd5 47. Ra4 Rc2 48. Ra7 Kd4 49. Re7 Ke5 50. Rg7 Kf6 1/2-1/2